[Event "52nd World Juniors 2013"]
[Site "Kocaeli TUR"]
[Date "2013.09.21"]
[Round "8.40"]
[White "Kulkarni, Rakesh"]
[Black "Karaokcu, Erkin"]
[Result "1-0"]
[WhiteElo "2283"]
[BlackElo "2014"]
[WhiteFideId "5037077"]
[BlackFideId "6348459"]
[EventDate "2013.09.13"]

1. e4 e6 2. d4 d5 3. Nc3 Bb4 4. e5 b6 5. a3 Bf8 6. f4 Ne7 7. Nf3 Qd7 8. g3 Bb7
9. Bg2 c5 10. O-O Nbc6 11. Nb5 Nf5 12. g4 Nfxd4 13. Nbxd4 Nxd4 14. Nxd4 cxd4 15.
f5 Be7 16. b4 Rc8 17. Bb2 Qa4 18. Rc1 Ba6 19. Qxd4 Bxf1 20. Bxf1 Bg5 21. Re1
Rxc2 22. Bd3 Rd2 23. Bc1 Rd1 24. Bb5+ Qxb5 25. Rxd1 Bxc1 26. Rxc1 O-O 27. f6 Qd7
28. Qf4 h6 29. fxg7 Kxg7 30. Qf6+ Kh7 31. g5 Rc8 32. Qxh6+ Kg8 33. Rf1 Rc4 34.
Qh5 d4 35. Qg4 b5 36. g6 fxg6 37. Rf6 Rc1+ 38. Kf2 Rc2+ 39. Ke1 Rc1+ 40. Kd2
Rc2+ 41. Kxc2 Qc6+ 42. Kd1 Qh1+ 43. Kd2 1-0

[Event "52nd World Juniors 2013"]
[Site "Kocaeli TUR"]
[Date "2013.09.21"]
[Round "8.43"]
[White "Carneiro, Vitor Roberto Castro"]
[Black "Zor, Alber Kadir"]
[Result "1-0"]
[WhiteTitle "CM"]
[WhiteElo "2263"]
[BlackElo "1948"]
[WhiteFideId "2130106"]
[BlackFideId "6353169"]
[EventDate "2013.09.13"]

1. c4 g6 2. g3 c5 3. Bg2 Bg7 4. Nc3 Nc6 5. Nf3 d6 6. O-O Bf5 7. e4 Bg4 8. h3
Bxf3 9. Bxf3 h5 10. Bg2 h4 11. g4 e5 12. Nd5 Nge7 13. d3 Nxd5 14. cxd5 Nd4 15.
f4 b5 16. g5 exf4 17. Bxf4 Be5 18. Bxe5 dxe5 19. Rf6 Rh5 20. Qd2 Rc8 21. Raf1
Rc7 22. Qf2 Rxg5 23. Qxh4 Ne2+ 24. Kh2 Rh5 25. Re6+ Re7 26. Qf6 Nf4 27. Rc6 Rc7
28. Rxf4 exf4 29. Qxf4 Rxc6 30. dxc6 f6 31. c7 Qd7 32. d4 cxd4 33. Qc1 Qc8 34.
e5 Rh7 35. Qc6+ Rd7 36. e6 Qxc7+ 37. Kg1 Ke7 38. Qxd7+ Qxd7 39. exd7 Kxd7 40.
Be4 g5 41. Bd3 Kc6 42. Kf2 Kc5 43. Kf3 a5 44. Ke4 a4 45. a3 b4 46. Kf5 1-0

[Event "52nd World Juniors 2013"]
[Site "Kocaeli TUR"]
[Date "2013.09.21"]
[Round "8.44"]
[White "Asgarizadeh, Ahmad"]
[Black "Du Plessis, Heinco"]
[Result "1-0"]
[WhiteElo "2354"]
[BlackElo "2050"]
[WhiteFideId "12505684"]
[BlackFideId "14306263"]
[EventDate "2013.09.13"]

1. e4 c6 2. d4 d5 3. e5 Bf5 4. Nf3 e6 5. Be2 Nd7 6. O-O Ne7 7. b3 c5 8. Bb2 Nc6
9. c4 dxc4 10. Bxc4 cxd4 11. Nxd4 Nxd4 12. Qxd4 Bc5 13. Qf4 O-O 14. Nc3 Nb6 15.
Rad1 Qe7 16. Bd3 Bxd3 17. Rxd3 Rfd8 18. Rg3 Bd4 19. Ne4 Kh8 20. Nf6 gxf6 21.
Bxd4 f5 22. Qh6 Rg8 23. Bc5 Qd8 24. Rxg8+ Qxg8 25. Be7 Nd5 26. Bf6+ Nxf6 27.
Qxf6+ Qg7 28. Rc1 Qxf6 29. exf6 h6 30. h4 Rd8 31. Rc7 Rd1+ 32. Kh2 Rd2 33. Rxf7
Rxf2 34. Rxb7 1-0

[Event "52nd World Juniors 2013"]
[Site "Kocaeli TUR"]
[Date "2013.09.21"]
[Round "8.46"]
[White "Koksal, Ege"]
[Black "Yuksel, Atilla Koksal"]
[Result "1/2-1/2"]
[WhiteTitle "CM"]
[BlackTitle "CM"]
[WhiteElo "2207"]
[BlackElo "2060"]
[WhiteFideId "6317626"]
[BlackFideId "6306667"]
[EventDate "2013.09.13"]

1. c4 Nf6 2. Nc3 d5 3. cxd5 Nxd5 4. Nf3 g6 5. Qa4+ Bd7 6. Qh4 Nxc3 7. dxc3 Nc6
8. e4 e5 9. Bg5 Be7 10. Bc4 h6 11. Bxe7 Qxe7 12. Qxe7+ Kxe7 13. Ke2 Be6 14. Bxe6
Kxe6 15. Rhd1 Rhd8 16. Ke3 Rxd1 17. Rxd1 Rd8 18. Rxd8 Nxd8 19. Nd2 f6 20. Nc4
Nf7 21. b4 Nd6 22. Kd3 Nxc4 23. Kxc4 Kd6 24. a4 Kc6 25. b5+ Kd6 26. Kb4 c5+ 27.
Kc4 b6 28. Kd3 Ke6 29. c4 Kd6 30. Ke3 Ke6 31. Kf3 Kf7 32. Kg4 Kg7 33. h4 h5+ 34.
Kf3 Kf7 35. g4 Ke6 36. gxh5 gxh5 37. Ke3 Kd7 38. f3 Ke6 39. f4 Ke7 40. fxe5 fxe5 1/2-1/2

[Event "52nd World Juniors 2013"]
[Site "Kocaeli TUR"]
[Date "2013.09.21"]
[Round "8.47"]
[White "Pecurica, Milos"]
[Black "Zeydan, Salih"]
[Result "1/2-1/2"]
[WhiteElo "2190"]
[BlackElo "1968"]
[WhiteFideId "944963"]
[BlackFideId "6361722"]
[EventDate "2013.09.13"]

1. d4 Nf6 2. c4 c5 3. d5 b5 4. cxb5 a6 5. bxa6 g6 6. Nc3 Bxa6 7. Nf3 d6 8. e4
Bxf1 9. Kxf1 Bg7 10. g3 O-O 11. Kg2 Nbd7 12. Re1 Qb6 13. Nd2 Ne5 14. Qe2 Qa6 15.
Qxa6 Rxa6 16. f4 Nd3 17. Rd1 Rb8 18. Nc4 Nxc1 19. Rdxc1 Rb4 20. b3 Nd7 21. Kf3
Nb6 22. Nd2 f5 23. a3 Rd4 24. Ke2 fxe4 25. Ra2 Nxd5 26. Nxd5 Rxd5 27. Rc4 Rh5
28. h4 e5 29. fxe5 Bxe5 30. Nf1 Bd4 31. b4 d5 32. Rcc2 c4 33. a4 Bg7 34. a5 c3
35. b5 Ra8 36. b6 d4 37. b7 d3+ 38. Ke3 Rb8 39. Rxc3 Bxc3 40. a6 Ra5 41. a7 Rxa7
42. Rxa7 Kf7 43. Kxe4 d2 44. Ne3 Ke6 45. Kd3 Bb4 46. Ke2 Kd7 47. Kd1 Bc5 48. Ra8
Rxb7 49. Ke2 Rb2 50. Nc2 Rb3 51. Rg8 Rxg3 52. Rg7+ Ke6 53. Rxh7 Rh3 54. Kxd2 Kf6
55. Ne1 1/2-1/2

[Event "52nd World Juniors 2013"]
[Site "Kocaeli TUR"]
[Date "2013.09.21"]
[Round "8.48"]
[White "Soysal, Serkan"]
[Black "Thompson, Robert"]
[Result "1-0"]
[WhiteElo "2097"]
[BlackElo "1966"]
[WhiteFideId "6349250"]
[BlackFideId "417513"]
[EventDate "2013.09.13"]

1. d4 Nf6 2. Nf3 g6 3. c4 Bg7 4. Nc3 O-O 5. e4 d6 6. h3 e5 7. d5 Nbd7 8. Bg5 h6
9. Be3 Nc5 10. Nd2 a5 11. g4 Ne8 12. Qc2 f5 13. gxf5 gxf5 14. O-O-O Qh4 15. Be2
f4 16. Bxc5 dxc5 17. Nf3 Qe7 18. Rdg1 Kh8 19. h4 Ra6 20. h5 Bf6 21. Rg6 Kh7 22.
Nh2 Ng7 23. Bg4 Bg5 24. Rxa6 bxa6 25. f3 Bh4 26. Bxc8 Rxc8 27. Ng4 Bg3 28. Qa4
c6 29. Qxa5 cxd5 30. Qxa6 Qe6 31. Qxe6 Nxe6 32. cxd5 Nd4 33. Nxe5 Re8 34. Ng4 1-0

[Event "52nd World Juniors 2013"]
[Site "Kocaeli TUR"]
[Date "2013.09.21"]
[Round "8.49"]
[White "Meftahi, Houssem"]
[Black "Cingoz, Ozan"]
[Result "1-0"]
[WhiteElo "2076"]
[BlackElo "1918"]
[WhiteFideId "5501660"]
[BlackFideId "6333397"]
[EventDate "2013.09.13"]

1. e4 c5 2. Nf3 d6 3. d4 cxd4 4. Nxd4 Nf6 5. Nc3 g6 6. Bc4 Bg7 7. Be3 O-O 8. f3
Nc6 9. Qd2 Bd7 10. O-O-O Rc8 11. Bb3 Nxd4 12. Bxd4 b5 13. h4 a5 14. h5 e5 15.
Be3 a4 16. Bd5 b4 17. Ne2 Qc7 18. hxg6 hxg6 19. Bh6 Bxh6 20. Rxh6 Nxd5 21. exd5
Bf5 22. c3 bxc3 23. Nxc3 a3 24. g4 Rb8 25. gxf5 Rxb2 26. Qe3 Rc8 27. Rd3 Qb7 28.
Kd1 Rb1+ 29. Nxb1 Qxb1+ 30. Ke2 Rc1 31. Kf2 Qxa2+ 32. Rd2 Rc2 33. Rxc2 Qxc2+ 34.
Kg3 Qb1 35. f6 1-0

[Event "52nd World Juniors 2013"]
[Site "Kocaeli TUR"]
[Date "2013.09.21"]
[Round "8.50"]
[White "Gundogan, Cem"]
[Black "Pon, Matt"]
[Result "1-0"]
[BlackTitle "FM"]
[WhiteElo "2072"]
[BlackElo "1919"]
[WhiteFideId "6311032"]
[BlackFideId "14301644"]
[EventDate "2013.09.13"]

1. e4 e5 2. Nf3 Nc6 3. Bc4 Bc5 4. c3 Nf6 5. d3 d6 6. Bb3 a6 7. h3 h6 8. Nbd2 Ba7
9. Nf1 Qe7 10. Ng3 Be6 11. O-O O-O-O 12. Be3 Bxe3 13. fxe3 d5 14. exd5 Nxd5 15.
Qe2 Nb6 16. e4 g6 17. Rad1 Bxb3 18. axb3 Rd7 19. Qe3 h5 20. Qg5 h4 21. Ne2 Rh5
22. Qxe7 Rxe7 23. g3 hxg3 24. Kg2 Nd7 25. Nxg3 Rh8 26. h4 f6 27. d4 Na5 28. dxe5
fxe5 29. Kh3 Nxb3 30. Ng5 Na5 31. Rf2 Nc4 32. Rdf1 Nd6 33. Kg4 Nc4 34. Kh3 Nd6
35. Kg4 Nc4 36. Re2 Nd6 37. Rf3 Kd8 38. Ref2 Ke8 39. Nf1 Nc5 40. Nd2 a5 41. Rf6
Nd3 42. R2f3 Nxb2 43. Rxg6 a4 44. h5 Ndc4 45. Nxc4 Nxc4 46. h6 a3 47. Rf2 Nb2
48. Rf1 Nc4 49. Kh5 c6 50. Re6 Rxe6 51. Nxe6 Ne3 52. Ra1 Ng4 53. Kxg4 Rxh6 54.
Ng5 Ke7 55. Rxa3 Rf6 56. Ra7 Rf4+ 57. Kh5 Kd6 58. Rxb7 Rf1 59. Kg6 Rg1 60. Rb8
Rg3 61. Re8 Rxc3 62. Re6+ Kd7 63. Rxe5 c5 64. Rd5+ Ke7 65. Kf5 c4 66. Rc5 Rc1
67. Ke5 c3 68. Rc7+ Ke8 69. Ke6 Kd8 70. Rc4 1-0

[Event "52nd World Juniors 2013"]
[Site "Kocaeli TUR"]
[Date "2013.09.21"]
[Round "8.52"]
[White "Kilic, Efe Mert"]
[Black "Yargici, Mazhar Kutay"]
[Result "0-1"]
[WhiteElo "1843"]
[BlackElo "1970"]
[WhiteFideId "6354327"]
[BlackFideId "6310400"]
[EventDate "2013.09.13"]

1. e4 e5 2. Nf3 Nc6 3. d4 exd4 4. Nxd4 Nf6 5. Nxc6 bxc6 6. e5 Qe7 7. Qe2 Nd5 8.
c4 Nb6 9. Nc3 Qe6 10. b3 a5 11. a4 Bb4 12. Bb2 d5 13. exd6 cxd6 14. O-O-O O-O
15. Qxe6 Bxe6 16. Bd3 Nd7 17. Bc2 Nc5 18. Ne2 d5 19. Rd4 Rfe8 20. Nf4 Na6 21.
Nxe6 fxe6 22. Rh4 h6 23. Re1 Rad8 24. Rg4 Rd7 25. Re3 e5 26. Rh3 d4 27. Be4 Rd6
28. Rhg3 Re7 29. Rg6 Rxg6 30. Rxg6 Nc5 31. Bc2 d3 32. Bd1 d2+ 33. Kc2 Ne4 34. f3
Nf2 35. Rxc6 e4 36. fxe4 Rxe4 37. Rc8+ Kf7 38. Rd8 Re7 39. Bf3 Re1 40. Rd4 g5
41. h3 Ke6 42. Rd5 d1=Q+ 43. Bxd1 Nxd1 44. Rxd1 Re2+ 45. Kc1 Rxg2 46. Rd3 Kf5
47. c5 Ke4 48. Rd4+ Ke3 49. c6 Rg1+ 50. Kc2 Rg2+ 51. Kb1 Rg1+ 52. Ka2 Rg2 53. c7
Bc3 54. Rc4 Rxb2+ 55. Ka3 Rc2 56. b4 axb4+ 57. Kb3 Rb2# 0-1

[Event "52nd World Juniors 2013"]
[Site "Kocaeli TUR"]
[Date "2013.09.21"]
[Round "8.53"]
[White "Heinechen, John"]
[Black "Aydin, Hasan Bora"]
[Result "1/2-1/2"]
[WhiteElo "1901"]
[BlackElo "1848"]
[WhiteFideId "3700976"]
[BlackFideId "6336612"]
[EventDate "2013.09.13"]

1. e4 c5 2. Nf3 g6 3. d4 cxd4 4. Nxd4 Bg7 5. Nc3 Nc6 6. Be3 Nf6 7. f3 O-O 8. Qd2
d5 9. Nxc6 bxc6 10. e5 Nd7 11. f4 Nb6 12. O-O-O Bg4 13. Re1 Nc4 14. Bxc4 dxc4
15. Qxd8 Rfxd8 16. h3 Be6 17. Rd1 f6 18. exf6 Rxd1+ 19. Rxd1 Bxf6 20. Bd4 Bh4
21. Ne2 Bd5 22. g3 Bf6 23. Bxf6 exf6 24. Nc3 Rd8 25. b4 cxb3 26. cxb3 Kf7 27.
Nxd5 cxd5 28. Rd4 Ke6 29. Kd2 g5 30. Kd3 gxf4 31. Rxf4 h5 32. Kd4 Rb8 33. Ke3
Rg8 34. Kf3 Ke5 35. g4 hxg4+ 36. hxg4 Rc8 37. Rf5+ Ke6 38. Ke3 Rc2 39. Rf2 d4+
40. Kf3 d3 41. Ke3 Rxf2 42. Kxf2 Ke5 43. Ke3 d2 44. Kxd2 Kf4 45. Ke2 Kxg4 46. b4
Kf4 47. b5 Ke4 48. a4 Kd5 49. a5 Kc5 50. b6 axb6 51. axb6 Kxb6 52. Ke3 Kc5 1/2-1/2

[Event "52nd World Juniors 2013"]
[Site "Kocaeli TUR"]
[Date "2013.09.21"]
[Round "8.54"]
[White "Percin, Onder"]
[Black "Kitir, Ahmet"]
[Result "0-1"]
[WhiteElo "1838"]
[BlackElo "1866"]
[WhiteFideId "6345190"]
[BlackFideId "6327737"]
[EventDate "2013.09.13"]

1. e4 c6 2. d4 g6 3. Nc3 Bg7 4. Nf3 d5 5. Be2 Bg4 6. exd5 cxd5 7. O-O Nf6 8. h3
Bxf3 9. Bxf3 O-O 10. a3 e6 11. Re1 Nc6 12. Be3 Na5 13. Ne2 Rc8 14. Ng3 Nc4 15.
Bc1 Qc7 16. Re2 h5 17. Nf1 Nd7 18. b3 Na5 19. Bb2 Qb6 20. Ne3 Rc7 21. Rc1 Rfc8
22. h4 Bf6 0-1

[Event "52nd World Juniors 2013"]
[Site "Kocaeli TUR"]
[Date "2013.09.21"]
[Round "8.55"]
[White "Mesic, Vehid"]
[Black "Atay, Sergen"]
[Result "0-1"]
[WhiteElo "1576"]
[BlackElo "1713"]
[WhiteFideId "14404320"]
[BlackFideId "6309143"]
[EventDate "2013.09.13"]

1. e4 e5 2. Nf3 Nc6 3. Bc4 Bc5 4. b4 Bxb4 5. c3 Ba5 6. d4 exd4 7. O-O Nge7 8.
cxd4 d5 9. exd5 Nxd5 10. Qb3 Nce7 11. Ba3 c6 12. Bxe7 Kxe7 13. Nbd2 Re8 14.
Rfe1+ Kf8 15. Rxe8+ Kxe8 16. Re1+ Kf8 17. Re5 Bc7 18. Rh5 Nf6 19. Rh4 Qe7 20.
Ng5 h6 21. Bxf7 Qe1+ 22. Nf1 hxg5 23. Rh8+ Ke7 24. Bg8 Be6 25. Qxb7 0-1

[Event "52nd World Juniors 2013"]
[Site "Kocaeli TUR"]
[Date "2013.09.21"]
[Round "8.56"]
[White "Abdrashev, Arlen"]
[Black "Ertekin, Oguzhan"]
[Result "1/2-1/2"]
[WhiteElo "1745"]
[BlackElo "1583"]
[WhiteFideId "13710257"]
[BlackFideId "6337481"]
[EventDate "2013.09.13"]

1. c4 e6 2. Nc3 c5 3. Nf3 d5 4. cxd5 exd5 5. d4 Nf6 6. g3 Nc6 7. Bg2 Be6 8. O-O
Be7 9. dxc5 Bxc5 10. Bg5 Be7 11. Qb3 Qb6 12. Qxb6 axb6 13. Nb5 O-O 14. a3 h6 15.
Bf4 g5 16. Bc7 Nd7 17. Bd6 Ra5 18. Bxe7 Nxe7 19. Nbd4 Rc5 20. Nxe6 fxe6 21. Nd4
Rc4 22. Nxe6 Rf6 23. b3 Rc2 24. Nd4 Rd2 25. Rfd1 Rb2 26. Rac1 Nc5 27. b4 Ne4 28.
Bxe4 dxe4 29. Rc2 Rxc2 30. Nxc2 Rc6 31. Ne3 Rc3 32. Rd7 Nc6 33. b5 Na5 34. Rd4
Rxa3 35. Rxe4 Rb3 36. Nd5 Rxb5 1/2-1/2

[Event "52nd World Juniors 2013"]
[Site "Kocaeli TUR"]
[Date "2013.09.21"]
[Round "8.57"]
[White "Baasansuren, Erdene"]
[Black "Garcia Herrera, Enrique Ric"]
[Result "1-0"]
[WhiteTitle "CM"]
[BlackTitle "CM"]
[WhiteElo "1844"]
[BlackElo "1653"]
[WhiteFideId "4902084"]
[BlackFideId "5115124"]
[EventDate "2013.09.13"]

1. d4 Nf6 2. c4 c5 3. d5 b5 4. cxb5 a6 5. b6 Qxb6 6. Nc3 g6 7. Nf3 Bg7 8. Nd2 d6
9. e4 O-O 10. Nc4 Qc7 11. Be2 Nbd7 12. Bf4 Ne8 13. O-O Nb6 14. Ne3 Rb8 15. h3
Nf6 16. Bh2 Nfd7 17. Kh1 Na8 18. Nc4 Re8 19. Qc2 a5 20. a4 Qd8 21. Nb5 Ba6 22.
Nca3 Nc7 23. Rab1 Nxb5 24. Nxb5 Qb6 25. f4 Rec8 26. Bc4 Nf6 27. Rbe1 Ne8 28. e5
Bxb5 29. axb5 Nc7 30. exd6 exd6 31. f5 Nxb5 32. fxg6 hxg6 33. Bxb5 Qxb5 34. Bxd6
Rb6 35. Be7 c4 36. Qf2 f5 37. d6 Rb7 38. Qg3 Kf7 39. Qe3 Qd7 40. Qg5 Rxb2 41.
Rf3 Rb3 42. Bd8 Qxd6 43. Rxf5+ Kg8 44. Re8+ Kh7 45. Qh4+ 1-0

[Event "52nd World Juniors 2013"]
[Site "Kocaeli TUR"]
[Date "2013.09.21"]
[Round "8.58"]
[White "Topac, Ahmet Eren"]
[Black "Uraz, Abdullah Kerim"]
[Result "1-0"]
[WhiteElo "1800"]
[BlackElo "1602"]
[WhiteFideId "6311873"]
[BlackFideId "2044846"]
[EventDate "2013.09.13"]

1. d4 Nf6 2. Nc3 d5 3. Bg5 e6 4. f3 Bb4 5. e4 h6 6. Bxf6 Bxc3+ 7. bxc3 Qxf6 8.
Qd2 O-O 9. Bd3 b6 10. h4 c5 11. e5 Qe7 12. g4 g6 13. Qxh6 Ba6 14. h5 Bxd3 15.
hxg6 fxg6 16. Qh8+ Kf7 17. Rh7+ Ke8 18. Rxe7+ Kxe7 19. Qg7+ Rf7 20. Qh8 Bxc2 21.
Qc8 Nc6 22. Qxa8 Ba4 23. Qh8 cxd4 24. Qh4+ Kd7 25. g5 Nxe5 26. Kf2 Kd6 27. Re1
a5 28. Rxe5 1-0

[Event "52nd World Juniors 2013"]
[Site "Kocaeli TUR"]
[Date "2013.09.22"]
[Round "9.1"]
[White "Grover, Sahaj"]
[Black "Yu, Yangyi"]
[Result "1/2-1/2"]
[WhiteTitle "GM"]
[BlackTitle "GM"]
[WhiteElo "2479"]
[BlackElo "2662"]
[WhiteFideId "5021103"]
[BlackFideId "8603820"]
[EventDate "2013.09.13"]

1. d4 Nf6 2. c4 e6 3. Nc3 Bb4 4. f3 d5 5. a3 Bxc3+ 6. bxc3 c5 7. cxd5 Nxd5 8.
dxc5 f5 9. Nh3 Qa5 10. e4 fxe4 11. fxe4 Nf6 12. Be2 Qxc3+ 13. Bd2 Qd4 14. Bg5
Nc6 15. Qxd4 Nxd4 16. e5 Ne4 17. Bh5+ g6 18. Bd1 O-O 19. Bh6 Rf7 20. Ng5 Nxg5
21. Bxg5 b6 22. cxb6 axb6 23. Bf6 Ba6 24. Ra2 Bc4 25. Rd2 Nf5 26. h4 Ng3 27. Rh3
Ne4 28. Bf3 Bd5 29. Bxe4 Bxe4 30. Re3 Bd5 1/2-1/2

[Event "52nd World Juniors 2013"]
[Site "Kocaeli TUR"]
[Date "2013.09.22"]
[Round "9.3"]
[White "Cori, Jorge"]
[Black "Idani, Pouya"]
[Result "1-0"]
[WhiteTitle "GM"]
[BlackTitle "IM"]
[WhiteElo "2587"]
[BlackElo "2480"]
[WhiteFideId "3802272"]
[BlackFideId "12510130"]
[EventDate "2013.09.13"]

1. d4 Nf6 2. Nf3 c5 3. d5 e6 4. c4 d6 5. Nc3 exd5 6. cxd5 g6 7. Bf4 Bg7 8. Qa4+
Bd7 9. Qb3 Qc7 10. e4 O-O 11. Be2 Nh5 12. Be3 f5 13. exf5 Bxf5 14. Ng5 Qe7 15.
O-O Bd4 16. Ne6 Bxe6 17. dxe6 Bxc3 18. bxc3 Nc6 19. Rab1 Na5 20. Qa4 b6 21. Bh6
Rfe8 22. Rbe1 Qf6 23. Bf3 Rac8 24. h4 c4 25. Re3 Ng7 26. Bg5 Qf8 27. Qd7 Nf5 28.
Bd5 Re7 29. Bxe7 Nxe7 30. Rf3 Qe8 31. Rd1 Rd8 32. Qxa7 1-0

[Event "52nd World Juniors 2013"]
[Site "Kocaeli TUR"]
[Date "2013.09.22"]
[Round "9.4"]
[White "Kovalev, Vladislav"]
[Black "Ter-Sahakyan, Samvel"]
[Result "0-1"]
[WhiteTitle "IM"]
[BlackTitle "GM"]
[WhiteElo "2568"]
[BlackElo "2575"]
[WhiteFideId "13504398"]
[BlackFideId "13302531"]
[EventDate "2013.09.13"]

1. e4 c5 2. Nf3 d6 3. d4 cxd4 4. Nxd4 Nf6 5. Nc3 a6 6. g3 e5 7. Nde2 Be7 8. Bg2
O-O 9. a4 Be6 10. O-O Nbd7 11. h3 Qc7 12. g4 Rfc8 13. Ng3 g6 14. g5 Ne8 15. h4
Ng7 16. Kh2 Qd8 17. f4 exf4 18. Bxf4 Ne5 19. Bxe5 dxe5 20. Nd5 Bxd5 21. exd5 Rc4
22. Ne4 Nf5 23. c3 Nd6 24. Qe2 Rac8 25. Rf2 Rxe4 26. Bxe4 Rc4 27. Bg2 Rxh4+ 28.
Kg1 Bxg5 29. Qxe5 Nc4 30. Qg3 Be3 31. Re1 Bxf2+ 32. Qxf2 Nd6 33. b3 Rg4 34. c4
h5 35. Re5 Nf5 36. Rxf5 gxf5 37. c5 Qxd5 0-1

[Event "52nd World Juniors 2013"]
[Site "Kocaeli TUR"]
[Date "2013.09.22"]
[Round "9.5"]
[White "Duda, Jan-Krzysztof"]
[Black "Salem, A.R. Saleh"]
[Result "1-0"]
[WhiteTitle "IM"]
[BlackTitle "GM"]
[WhiteElo "2534"]
[BlackElo "2570"]
[WhiteFideId "1170546"]
[BlackFideId "9301348"]
[EventDate "2013.09.13"]

1. e4 c5 2. Nf3 Nc6 3. d4 cxd4 4. Nxd4 Nf6 5. Nc3 e5 6. Ndb5 d6 7. Bg5 a6 8. Na3
b5 9. Bxf6 gxf6 10. Nd5 f5 11. Bd3 Be6 12. c3 Bxd5 13. exd5 Ne7 14. Nxb5 Bg7 15.
Na3 e4 16. Bc2 Rb8 17. Ba4+ Kf8 18. Bb3 Ng6 19. Nc4 Nf4 20. Kf1 h5 21. Qd2 Nd3
22. Rd1 a5 23. Ba4 Qh4 24. Qe2 Nf4 25. Qe3 Bh6 26. Rg1 Nd3 27. Qg3 Qf6 28. Rxd3
Rg8 29. Qh3 Rg4 30. Bd7 exd3 31. Qxd3 Re4 32. g3 Rb7 33. Ba4 Rbe7 34. Kg2 f4 35.
Nb6 fxg3 36. hxg3 Kg7 37. Bd1 h4 38. Bf3 hxg3 39. Nd7 Qg6 40. Bxe4 Rxe4 41. Qxg3
Bg5 42. Kf1 f6 43. Qxd6 Re8 44. Nc5 Kg8 45. Ne6 Qd3+ 46. Kg2 Kf7 47. Nxg5+ fxg5
48. Qg3 Qc4 49. Qf3+ Kg7 50. Qf5 Rh8 51. Re1 1-0

[Event "52nd World Juniors 2013"]
[Site "Kocaeli TUR"]
[Date "2013.09.22"]
[Round "9.6"]
[White "Narayanan, Srinath"]
[Black "Sethuraman, S.P."]
[Result "1/2-1/2"]
[WhiteTitle "IM"]
[BlackTitle "GM"]
[WhiteElo "2483"]
[BlackElo "2553"]
[WhiteFideId "5018420"]
[BlackFideId "5021596"]
[EventDate "2013.09.13"]

1. e4 g6 2. d4 Bg7 3. Nc3 d6 4. Be3 a6 5. a4 Nc6 6. h3 Nf6 7. Nf3 O-O 8. d5 Nb4
9. a5 c6 10. Bc4 e6 11. Bb3 cxd5 12. exd5 Nbxd5 13. Nxd5 exd5 14. O-O Bd7 15.
Bb6 Qc8 16. Re1 Re8 17. Rxe8+ Qxe8 18. c3 Bc6 19. Bd4 Qe6 20. Bxf6 Bxf6 21. Qd2
Bd8 22. Nd4 Qe4 23. Bd1 Bf6 24. Bf3 Qh4 25. Rd1 Re8 26. Nc2 Bg5 27. Qd3 Qa4 28.
Nb4 Qxa5 29. Bxd5 Bxd5 30. Nxd5 Qa2 31. b4 Re2 32. Qd4 Qc2 33. Rf1 Qf5 34. Rd1
Qc2 35. Rf1 Qd2 36. Qc4 Kg7 37. g3 Re5 38. Nb6 Re2 39. Qg4 h5 40. Qf3 Qa2 41. h4
Bf6 42. Nd7 Be5 43. Nxe5 dxe5 44. Qxb7 e4 45. Qc7 Qd5 46. Qf4 Kg8 47. Qf6 e3 48.
Qf4 Qb7 49. Qf6 Rc2 50. Qd8+ Kh7 51. Qd3 exf2+ 1/2-1/2

[Event "52nd World Juniors 2013"]
[Site "Kocaeli TUR"]
[Date "2013.09.22"]
[Round "9.8"]
[White "Eliseev, Urii"]
[Black "Vakhidov, Jahongir"]
[Result "1/2-1/2"]
[WhiteTitle "IM"]
[BlackTitle "IM"]
[WhiteElo "2550"]
[BlackElo "2385"]
[WhiteFideId "24131920"]
[BlackFideId "14201801"]
[EventDate "2013.09.13"]

1. e4 c5 2. Nf3 Nc6 3. Nc3 g6 4. d4 cxd4 5. Nxd4 Bg7 6. Nb3 Nf6 7. Be2 d6 8. O-O
O-O 9. Re1 a6 10. Bf1 b5 11. Bg5 Bb7 12. a4 b4 13. Nd5 Nd7 14. Qc1 Re8 15. a5
Qb8 16. Ra4 Nc5 17. Nxc5 dxc5 18. c3 Ne5 19. h3 Bxd5 20. exd5 bxc3 21. bxc3 Qb3
22. Qd1 Qb7 23. Rae4 Rad8 24. c4 f6 25. Bc1 Qc7 26. Bd2 Kf8 27. Bc3 Nf7 28. Qc2
Rd6 29. f4 f5 30. R4e3 Bd4 31. Bxd4 cxd4 32. R3e2 Qxa5 33. Re6 Nd8 34. R6e5 Nf7
35. Re6 Rxe6 36. Rxe6 Nd6 37. Bd3 Qc3 38. Qxc3 dxc3 39. c5 Nb5 40. Re1 Rd8 41.
Bc4 Nc7 42. Rc1 Nxd5 43. Bxd5 Rxd5 44. Rxc3 Ke8 45. Ra3 Rxc5 46. Rxa6 Rc4 47. g3
Rc2 48. h4 Kf7 49. Kf1 Rd2 50. Ra7 Ke6 51. Ra8 Rb2 52. Rd8 Kf6 53. Rf8+ Ke6 54.
Rd8 Rb7 55. Rh8 Kf7 56. Kg2 Kg7 57. Re8 h6 58. Kf3 Ra7 59. Ke3 g5 60. fxg5 hxg5
61. hxg5 Kf7 62. Rh8 Ke6 63. Rh4 Ke5 64. Rb4 Ra3+ 65. Kf2 Ke6 66. Rb6+ Kf7 67.
g6+ 1/2-1/2

[Event "52nd World Juniors 2013"]
[Site "Kocaeli TUR"]
[Date "2013.09.22"]
[Round "9.9"]
[White "Indjic, Aleksandar"]
[Black "Petenyi, Tamas"]
[Result "1-0"]
[WhiteTitle "IM"]
[BlackTitle "IM"]
[WhiteElo "2549"]
[BlackElo "2468"]
[WhiteFideId "911925"]
[BlackFideId "14909090"]
[EventDate "2013.09.13"]

1. d4 g6 2. c4 Bg7 3. Nc3 d6 4. Nf3 Bg4 5. e3 Nf6 6. h3 Bf5 7. Bd3 Bxd3 8. Qxd3
O-O 9. e4 c6 10. Bg5 a6 11. O-O b5 12. Rad1 Nfd7 13. Rfe1 Re8 14. e5 bxc4 15.
Qxc4 d5 16. Qb3 Qc8 17. Rc1 e6 18. Na4 Ra7 19. Rc2 Rc7 20. Rec1 Qb7 21. Qe3 Qb4
22. b3 Qf8 23. Qe1 Rec8 24. Bd2 Qe8 25. Bb4 Bh6 26. Rd1 Rb7 27. Bd6 Bf8 28. Bxf8
Qxf8 29. Rdc1 Rbc7 30. Qe3 Qg7 31. Ne1 h6 32. Nd3 Kh7 33. f4 Qf8 34. Kh2 Qe7 35.
g4 f5 36. gxf5 gxf5 37. Rg1 Rg8 38. Rxg8 Kxg8 39. Qg3+ Kh7 40. Rg2 Qf7 41. Qh4
Rc8 42. Nac5 Nxc5 43. Nxc5 Rf8 44. Qg3 Re8 45. Nb7 Rg8 46. Qxg8+ Qxg8 47. Rxg8
Kxg8 48. Nc5 Kf7 49. b4 Ke7 50. Kg3 Nd7 51. Nxa6 Nb6 52. Nc5 Nc4 53. a4 Kd8 54.
Nxe6+ Kc8 55. a5 Ne3 56. Nc5 Nc2 57. a6 Kb8 58. e6 1-0